00422 a2200121 4500001000900000005001700009008004100026245009700067100002200164700002500186773007200211999001700283ART_332720260410161714.0260409a 10aLa tecnología y el empleo en un nuevo enfoque del desrrollo agropecuario.El caso argentino1 aForni, Floreal H.1 aTort, María Isabel0 tDesarrollo económicog- Vol. 19, Nº 76 (ene./mar. 1980)wREV1174 c16329d16329